01284nam a2200277 i 450000100060000000300090000600500170001500800390003204000210007104100080009208000100010008000120011010001520012224500830027426000460035730000350040349000580043865000190049665500310051570001640054683000590071085601110076985600970088094200120097799900170098910443KOSZ 00520180423120142.0 s1990 pl f f |000 0 pol cBPKdKOSZ 005/EG apol a536.7 a(075.8)1 aMIKIELEWICZ, Jarosław.bWyższa Szkoła Inżynierska w Koszalinie - Instytut Budowy Maszyn,cZakład Termomechaniki i Chłodnictwad1996 - 2011.10aWybrane zagadnienia z termomechaniki /cJarosław Mikielewicz, Andrzej Rasmus. aKoszalin :bWydaw. Uczelniane WSI,c1990. a98 s. :brys., wykr. ;c24 cm.1 aSkrypty / Wyższa Szkoła Inżynierska w Koszalinie 0aTermodynamika. 0aPodręczniki akademickie.1 aRASMUS, Andrzej.bWyższa Szkoła Inżynierska w Koszalinie - Instytut Konstrukcji i Eksploatacji Maszyn,cZakład Termodynamiki i Chłodnictwad1971 - 1996. aSkrypty - Wyższa Szkoła Inżynierska w Koszalinie. uhttp://dlibra.tu.koszalin.pl/dlibra/docmetadata?id=368&from=&dirids=1&ver_id=&lp=1&QI=yBiblioteka Cyfrowa uhttp://koha.tu.koszalin.pl/cgi-bin/koha/opac-detail.pl?biblionumber=4669yKatalog online BPK cKS2UKD c10443d10443